| 000 | 00000nam 2200000zi 4500 |
| 001 | 9.938960 |
| 003 | CaOODSP |
| 005 | 20241128153052 |
| 006 | m o d f |
| 007 | cr |n||||||||| |
| 008 | 240604e198107##onc|||| o f00| 0|eng d |
| 040 | |aCaOODSP|beng|erda|cCaOODSP |
| 043 | |an-cn--- |
| 086 | 1 |aCo22-709/1981E-PDF |
| 245 | 00|aInterim report : |bpublic comments on the intercity microwave licensing policy review (Gazette notice DGTN 004-80, November 29, 1980). |
| 246 | 34|aInterim report - intercity microwave licensing review |
| 264 | 1|aOttawa, Ontario : |bDepartment of Communications, |cJuly 1981. |
| 300 | |a1 online resource (1 volume (various pagings)) |
| 336 | |atext|btxt|2rdacontent |
| 337 | |acomputer|bc|2rdamedia |
| 338 | |aonline resource|bcr|2rdacarrier |
| 500 | |aDigitized edition from print [produced by Innovation, Science and Economic Development Canada]. |
| 500 | |aIssued also in French under title: Rapport provisoire : observations du public concernant l'étude de la politique de délivrance de licences pour des systèmes de relais hertziens interurbains à micro-ondes (avis n° DGTN 004-80, Gazette du Canada, 29 novembre 1980). |
| 650 | 0|aMicrowave communication systems|zCanada|xPublic opinion. |
| 650 | 0|aRadio stations|xLicenses|zCanada. |
| 650 | 0|aTelevision stations|xLicenses|zCanada. |
| 650 | 0|aPublic opinion|zCanada. |
| 710 | 1 |aCanada. |bDepartment of Communications, |eissuing body. |
| 775 | 08|tRapport provisoire : |w(CaOODSP)9.945748 |
| 856 | 40|qPDF|s673 KB|uhttps://publications.gc.ca/collections/collection_2024/isde-ised/co22/Co22-709-1981-eng.pdf |